| 000 | 00642nam a22002530a 4500 | ||
|---|---|---|---|
| 001 | PT34567 | ||
| 003 | AR-LpoUNG | ||
| 005 | 20210914143802.0 | ||
| 008 | 191001ss.f.||||ag |||||||||||||||||spa d | ||
| 020 |
_a9506950768 _c$7.40 |
||
| 040 |
_aAR-LpoUNG _bspa _cAR-LpoUNG _eaacr |
||
| 041 | _aspa | ||
| 044 | _aag | ||
| 082 | 0 | _a982.03 363mem | |
| 100 | 1 |
_aFernández López, Manuel _ecomp. |
|
| 245 | 1 | 0 |
_aMemorias : _bManuel Belgrano |
| 260 |
_aBuenos Aires : _bPágina 12, _c[1980] |
||
| 300 |
_a90 p. : _bfot. |
||
| 650 | 4 | _aBIOGRAFIAS | |
| 650 | 4 | _aARGENTINA | |
| 650 | 4 | _aHISTORIA POLITICA | |
| 905 | _a34567 | ||
| 942 |
_cLSALA _2ddc |
||
| 999 |
_c1998 _d1998 |
||